| 000 | 005710000a22001930004500 | ||
|---|---|---|---|
| 003 | LK-CoMWRAF | ||
| 005 | 20230914223359.0 | ||
| 008 | 230817t1977 ||||| |||| 00| 0 eng d | ||
| 040 |
_aLK-CoMWRAF _dLK-CoMWRAF _eLK-CoMWRAF |
||
| 041 | _aeng | ||
| 082 |
_a347.549 _bTAM |
||
| 100 | _aTambiah, H.W. | ||
| 245 | _aThe judicature of Sri Lanka in it's historical setting | ||
| 260 |
_aColombo: _bGunasena, _c1977 |
||
| 300 |
_a lxviii, 657 p. ; 25 cm. _bIndex included |
||
| 650 | _aCOURTS-Sri Lanka-History | ||
| 650 | _aProcedure (Law)--Sri Lanka--History. | ||
| 942 | _cBK | ||
| 999 |
_c2517 _d2517 |
||